Latin America's economic development: institutionalist and structuralist perspectives /
Guardado en:
| Autor principal: | |
|---|---|
| Otros Autores: | |
| Formato: | Texto |
| Publicado: |
Boulder, Colorado:
Lyanne Rienner
|
| Etiquetas: |
Agregar Etiqueta
Sin Etiquetas, Sea el primero en etiquetar este registro!
|
MARC
| LEADER | 00000 a a2200000 04500 | ||
|---|---|---|---|
| 001 | 24270 | ||
| 003 | |||
| 040 | |||
| 020 | |a 1-55587-068-6 | ||
| 090 | |a 166300 | ||
| 100 | |a Dietz, James L. | ||
| 245 | |a Latin America's economic development: institutionalist and structuralist perspectives / |c James L. Dietz | ||
| 260 | |a Boulder, Colorado: |b Lyanne Rienner | ||
| 300 | |a xii, 304 p |b **no definido** | ||
| 700 | |a ed. |a Street, James H |a ed. | ||
| 999 | |c 10086 |d 10086 | ||



